Un crimen en Calcuta /

Guardado en:
Detalles Bibliográficos
Autor principal: Theroux, Paul (autor)
Otros autores: Martínez-Lage, Miguel (traducción) (traducción)
Formato: Libro
Idioma:Español
Publicado: Madrid, España : Alfaguara, 2011, c2011
Temas:
Etiquetas: Agrega una etiqueta
Sin etiquetas, Sé el primero en etiquetar este registro!

MARC

LEADER 00000nam^a2200000^a^4500
001 000617622
005 20250711000000.0
009 20260310133743.832
020 |a 978-84-204-0743-2 
037 |a Acervo ITESO - Biblioteca 
041 |a ESP 
082 |a 813.  |b THE 
100 |a Theroux, Paul  |e (autor) 
245 1 3 |a Un crimen en Calcuta /  |c P. Theroux ; tr. por M. Martínez-Lage. 
264 4 |a Madrid, España :  |b Alfaguara,  |c 2011, c2011 
300 |a 362 p. 
336 |a texto  |b txt  |2 rdacontenido 
337 |a sin mediación  |b n  |2 rdamedio 
338 |a volumen  |b nc  |2 rdasoporte 
500 |a Traducción de: A Dead Hand: A Crime in Calcuta 
649 |a XX 
650 |a Novela Norteamericana 
650 |a Literatura Norteamericana -  |y Siglo XXI 
650 |a Investigación del Delito en la Literatura 
650 |a Calcuta, India en la Literatura 
700 |a Martínez-Lage, Miguel  |e (traducción) 
910 |a Fondo Castillo-Martínez 
920 |a Impresos - Libros 
930 |a Fondos Especiales 
940 |a Literatura 
905 |a 127 
901 |a 617622-10  |b IT2  |c ESP  |i D129125  |u 20250711 
902 |a https://opac.biblio.iteso.mx/vufind/Record/000617622